000 00531cam a2200181 i 4500
005 20251108173454.0
008 250721s2007 jo gr 000 0 ara d
082 1 4 _a153.42
_bس م ا
100 1 _aسمارة، محمد
_eمؤلف.
245 1 0 _aفن التفكير /
_cمحمد سمارة.
264 3 1 _aعمان :
_bمحمد سمارة،
_c2007.
300 _a59 صفحة.
650 1 7 _aالتفكير.
650 1 7 _aعلم النفس.
650 1 7 _aالدماغ.
942 _2ddc
_cBK
999 _c104701
_d104701